| 000 | 01207nam0a22002291 4500 | ||
|---|---|---|---|
| 001 | rc\3955634 | ||
| 005 | 20260406204043.0 | ||
| 035 | _a(NLR Aleph) 007925152 | ||
| 090 |
_a8182929 _c8182929 |
||
| 100 | _a20130415a19509999|||y0rusy50 ca | ||
| 101 | 0 | _arus | |
| 102 | _aRU | ||
| 105 | _ay z ||||| | ||
| 200 | 1 |
_aИнформационное письмо _e№ 1- _fСССР - МПС. Всесоюз. науч.-исслед. ин-т ж. д. строительства и проектирования. Отд-ние оснований, фундаментов и земляного полотна. Лаборатория оснований и фундаментов |
|
| 210 |
_aМосква _cТрансжелдориздат _d1950- |
||
| 710 | 0 | 2 |
_aВНИИ железнодорожного строительства и проектирования _3RU\NLR\AUTH\889964392 _9425024 |
| 801 | 0 |
_aRU _bNLR _gpsbo |
|
| 801 | 1 |
_aRU _bELAR _2rusmarc |
|
| 830 | _aПеречень имеющихся в библиотеке томов, номеров, годов этого издания смотри в каталоге периодических изданий | ||
| 852 |
_aNLR _jП10/941 |
||
| 942 | _cBOOK | ||
| 980 | _aNB | ||